[Event "Niederbayernliga 1415"]
[Site "Bayern"]
[Date "2014.12.06"]
[Round "4.4"]
[White "Fischer, Michael2222"]
[Black "Gehann, Paul"]
[Result "1/2-1/2"]
[WhiteElo "1975"]
[BlackElo "1770"]
[PlyCount "41"]
[EventDate "2014.10.19"]
[EventType "team-tourn"]
[EventRounds "9"]
[EventCountry "GER"]
[SourceTitle "EXT 2023"]
[Source "ChessBase"]
[SourceDate "2022.10.05"]
[SourceVersion "1"]
[SourceVersionDate "2022.10.05"]
[SourceQuality "1"]
[WhiteTeam "Straubing SC"]
[BlackTeam "Ergolding"]
[WhiteTeamCountry "GER"]
[BlackTeamCountry "GER"]

1. Nf3 c5 2. g3 g6 3. Bg2 Bg7 4. 0-0 Nc6 5. d3 e6 6. e4 Nge7 7. Re1 d6 8. Nbd2 0-0 9. a4 e5 10. Nc4 Bg4 11. c3 Re8 12. Ne3 Bxf3 13. Bxf3 a6 14. Nd5 b5 15. axb5 axb5 16. Be3 Nxd5 17. exd5 Ne7 18. Re2 Nf5 19. Bd2 Rxa1 20. Qxa1 Qb8 21. Qa5 1/2-1/2

[Event "Niederbayernliga 0910"]
[Site "Germany"]
[Date "2009.11.15"]
[Round "2.5"]
[White "Gehann, Paul"]
[Black "Faltlhauser, Michael"]
[Result "1/2-1/2"]
[WhiteElo "1800"]
[BlackElo "1717"]
[PlyCount "26"]
[EventDate "2009.10.18"]
[EventType "team-tourn"]
[EventRounds "9"]
[EventCountry "GER"]
[SourceTitle "EXT 2011"]
[Source "ChessBase"]
[SourceDate "2010.11.26"]
[SourceVersion "1"]
[SourceVersionDate "2010.11.26"]
[SourceQuality "1"]
[WhiteTeam "Ergolding"]
[BlackTeam "Adlkofen"]
[WhiteTeamCountry "GER"]
[BlackTeamCountry "GER"]

1. e4 c5 2. Nf3 d6 3. d4 cxd4 4. Nxd4 Nf6 5. Nc3 a6 6. Be2 e5 7. Nb3 Be6 8. Bg5 Be7 9. 0-0 Nbd7 10. Qd2 h6 11. Be3 Qc7 12. f3 0-0 13. Kh1 Rfd8 1/2-1/2

[Event "Niederbayernliga 0809"]
[Site "Germany"]
[Date "2008.10.26"]
[Round "2.5"]
[White "Senff, Rudolf"]
[Black "Gehann, Paul"]
[Result "1/2-1/2"]
[WhiteElo "1750"]
[BlackElo "1806"]
[PlyCount "36"]
[EventDate "2008.10.05"]
[EventType "team-tourn"]
[EventRounds "9"]
[EventCountry "GER"]
[SourceTitle "EXT 2010"]
[Source "ChessBase"]
[SourceDate "2010.11.25"]
[SourceVersion "1"]
[SourceVersionDate "2010.11.25"]
[SourceQuality "1"]
[WhiteTeam "Adlkofen"]
[BlackTeam "Ergolding"]
[WhiteTeamCountry "GER"]
[BlackTeamCountry "GER"]

1. Nf3 Nf6 2. g3 c5 3. Bg2 Nc6 4. 0-0 g6 5. d3 Bg7 6. e4 d6 7. c3 Bg4 8. h3 Bxf3 9. Bxf3 0-0 10. Re1 Ne5 11. Bg2 c4 12. dxc4 Nxc4 13. Qe2 Qc7 14. Nd2 Nxd2 15. Bxd2 Nd7 16. Rac1 Rac8 17. h4 Qc4 18. Bh3 Qxe2 1/2-1/2